Quality management system ISO 9000 and ISO 14000 / (Record no. 128959)

MARC details
000 -LEADER
fixed length control field 00814nam a22002537a 4500
003 - CONTROL NUMBER IDENTIFIER
control field dpl
005 - DATE AND TIME OF LATEST TRANSACTION
control field 20180621114959.0
008 - FIXED-LENGTH DATA ELEMENTS--GENERAL INFORMATION
fixed length control field 180621b xxu||||| |||| 00| 0 eng d
010 ## - LIBRARY OF CONGRESS CONTROL NUMBER
LC control number A-945403
020 ## - INTERNATIONAL STANDARD BOOK NUMBER
International Standard Book Number 8170490774
Terms of availability 00.00
035 ## - SYSTEM CONTROL NUMBER
System control number A-945403, A-945409
037 ## - SOURCE OF ACQUISITION
Source of stock number/acquisition Cen Lib/Ret
040 ## - CATALOGING SOURCE
Original cataloging agency DPL
Language of cataloging EN
Transcribing agency 0
082 ## - DEWEY DECIMAL CLASSIFICATION NUMBER
Classification number 658.562
Item number MUK
100 ## - MAIN ENTRY--PERSONAL NAME
Personal name Mukherjee, Y.
9 (RLIN) 24948
245 ## - TITLE STATEMENT
Title Quality management system ISO 9000 and ISO 14000 /
Statement of responsibility, etc by Y. Mukherjee,
260 ## - PUBLICATION, DISTRIBUTION, ETC. (IMPRINT)
Place of publication, distribution, etc New Delhi
Name of publisher, distributor, etc Manas Publication
Date of publication, distribution, etc 1998
270 ## - ADDRESS
Address 4819/XI, Varun House Mathur Lane, 24, Ansari Road, Daryaganj
City New Delhi
Postal code 110002
300 ## - PHYSICAL DESCRIPTION
Extent x,250p. :
Other physical details ill.
Dimensions 22cm(Hb)
500 ## - GENERAL NOTE
General note Includes index.
650 ## - SUBJECT ADDED ENTRY--TOPICAL TERM
Topical term or geographic name as entry element Management
9 (RLIN) 3072
650 ## - SUBJECT ADDED ENTRY--TOPICAL TERM
Topical term or geographic name as entry element Quality management
9 (RLIN) 17216
942 ## - ADDED ENTRY ELEMENTS (KOHA)
Source of classification or shelving scheme Dewey Decimal Classification
Koha item type English Books
Classification part 658.562
Call number suffix MUK
Holdings
Withdrawn status Lost status Damaged status Not for loan Home library Current library Date acquired Source of acquisition Cost, normal purchase price Total Checkouts Full call number Barcode Date last seen Copy number Cost, replacement price Price effective from Koha item type Source of classification or shelving scheme Collection code Public note
        Central Library Central Library 04/07/2015 Cen Lib/Ret 0.00   658.562 MUK A-945403 04/07/2015 1 0.00 04/07/2015 English Books      
        Sarojini Nagar Sarojini Nagar 21/06/2018 BPPD/PUB 0.00   658.562 MUK A-945407 21/06/2018   0.00 21/06/2018 English Books Dewey Decimal Classification Non-fiction Withdran List Prepared L.No.17/05

© Delhi Public Library
Hit Counter
free hit counter